000 00617nac a22001691u 4500
020 _a8185749825
082 _a620.0044
_bR1376
090 _c3191
_d3191
100 _aRajput ,R. k.
245 _aEngineering Metrology And Instrumentation /
_bR.K. Rajput.
260 _aDelhi:c.[1999]
_bS.K.Kataria,
_cc.[1999]
300 _a516p.:
_bill;
_c22cm.
500 _aIncluding laboratory practicals
650 _aMensuration.
942 _cBB
_k620.0044R1376
999 _c3191
_d3191